Payam-e Mashriq /پیام مشرق کی اردو شروح و تراجم کا تحقیقی جائزہ (Urdu) / (Record no. 593515)

000 -LEADER
fixed length control field 00398nam a22001217a 4500
040 ## - CATALOGING SOURCE
Transcribing agency NUST
082 ## - DEWEY DECIMAL CLASSIFICATION NUMBER
Classification number 809.1,ANJ
100 ## - MAIN ENTRY--PERSONAL NAME
Personal name Anjam, Mahmud Ali
9 (RLIN) 109749
245 ## - TITLE STATEMENT
Title Payam-e Mashriq /پیام مشرق کی اردو شروح و تراجم کا تحقیقی جائزہ (Urdu) /
Statement of responsibility, etc. Mahmud Ali Anjam
260 ## - PUBLICATION, DISTRIBUTION, ETC.
Place of publication, distribution, etc. Lahore
Name of publisher, distributor, etc. Alfaisal Nashiran
Date of publication, distribution, etc. 2015
300 ## - PHYSICAL DESCRIPTION
Extent 654 p.;
942 ## - ADDED ENTRY ELEMENTS (KOHA)
Source of classification or shelving scheme
Koha item type Book
Call number prefix 809.1,ANJ
Holdings
Withdrawn status Lost status Source of classification or shelving scheme Damaged status Not for loan Permanent Location Current Location Shelving location Date acquired Total Checkouts Full call number Barcode Date last seen Date last checked out Price effective from Koha item type Public note
          Military College of Signals (MCS) Military College of Signals (MCS) General Stacks 03/03/2023 1 809.1,ANJ MCS37912 11/17/2025 10/31/2025 03/03/2023 Book Almirah No.65, Shelf No.2
© 2023 Central Library, National University of Sciences and Technology. All Rights Reserved.